000 00320nam a22001337a 4500
008 170330b xxu||||| |||| 00| 0 eng d
020 _a0781737028
041 _aeng
080 _a616-053.2
100 _a8
101 _aSHM
245 _aPOCKET BOOK OF PEDIATRIC ANTIMICROBIAL THERAPY
_cBRANDLEY.J.S
942 _2udc
_cBK
999 _c9098
_d9098